| 000 | 00496nam a2200181Ia 4500 | ||
|---|---|---|---|
| 005 | 20250508160833.0 | ||
| 008 | 008 250505s9999 xx 000 0 eng d | ||
| 037 | _aTextual | ||
| 040 |
_aFEDL _beng _cFEDL |
||
| 041 |
_aeng _2eng |
||
| 084 |
_a371.9, HIT _qFEDL |
||
| 100 |
_aHitchfield E M _9769506 |
||
| 245 | 0 | _aIn search of promise | |
| 260 |
_aLondon, UK _bLongmans, Green and Co. _c1973 |
||
| 300 | _axi,219p. | ||
| 942 |
_cTEXL _h371.9, HIT |
||
| 999 |
_c1366897 _d1366897 |
||